000 01393nam a22002775i 4500
001 156068
003 ES-MaACL
005 20230906210317.0
008 960306s1887 sp |||| | spa d
080 _a929 Iradier Bulfy, Manuel
080 _a910.4(671.8)"18"
100 1 _aIradier y Bulfy, Manuel.
_965402
245 1 0 _aÁfrica :
_bviajes y trabajos de la Asociación Euskara La Exploradora : reconocimiento de la zona ecuatorial de África /
_cpor Manuel Iradier.
260 _aVitoria :
_bAsociación Euskara para la Exploración y Civilización del África Central "La Exploradora",
_c1887.
300 _a2 v. (501 ; 539 p.) :
_bil. ;
_c23 cm.
505 8 _aContiene: 1. Primer viaje: exploración del país del Muni, 1875-1877 -- 2. Segundo viaje: adquisición del país del Muni, 1884
530 _aDisponible en formato digital.
597 _aAntep.
599 _aMapas y planos: 1. África (Costas) - 2. Corisco (Isla)
600 1 4 _aIradier y Bulfy, Manuel.
_965402
610 2 _aAsociación Euskara La Exploradora (Vitoria)
_9134130
651 4 _aGuinea Ecuatorial-
_xDescubrimientos y exploraciones-
_xEspañoles.
_9153666
651 4 _aGuinea Ecuatorial-
_xDescubrimientos y exploraciones-
_yS.XIX.
_98808
852 4 _aES-MaACL
_jC-601-02
_z- Enc. pasta española
856 4 _uhttp://bdh-rd.bne.es/viewer.vm?id=0000012753&page=1
_zBiblioteca Digital Hispánica
999 _c156068
_d156068